[Event "SVK Extraliga 2017-18"]
[Site "Slovakia"]
[Date "2017.12.10"]
[Round "6"]
[White "Salai, Ladislav"]
[Black "Palecek, Peter"]
[Result "1/2-1/2"]
[WhiteElo "2339"]
[BlackElo "2246"]
[Annotator "NA"]
[PlyCount "35"]
[EventDate "2017.??.??"]
[EventType "team-tourn"]
[EventCountry "SVK"]
[SourceTitle "playchess.com"]
[Source "ChessBase"]
[SourceQuality "1"]
[TimeControl "40/5400+30:1800+30"]

1. d4 {[%emt 0:00:00]} d5 {[%emt 0:00:32]} 2. c4 {[%emt 0:00:14]} c6 {[%emt 0:00:02]} 3. cxd5 {[%emt 0:01:29]} cxd5 {[%emt 0:00:05]} 4. Nf3 {[%emt 0:00:21]} Nf6 {[%emt 0:00:27]} 5. Nc3 {[%emt 0:01:28]} Nc6 {[%emt 0:00:45]} 6. Bf4 {[%emt 0:04:12]} a6 {[%emt 0:00:07]} 7. e3 {[%emt 0:01:42]} e6 {[%emt 0:05:59]} 8. Be2 {[%emt 0:04:01]} Bd6 {[%emt 0:00:07]} 9. Bxd6 {[%emt 0:02:56]} Qxd6 {[%emt 0:01:04]} 10. O-O {[%emt 0:03:21]} O-O {[%emt 0:00:04]} 11. Rc1 {[%emt 0:01:49]} b5 {[%emt 0:08:47]} 12. Nb1 {[%emt 0:11:08]} Bd7 {[%emt 0:00:55]} 13. Nbd2 {[%emt 0:05:34]} Rfc8 {[%emt 0:00:36]} 14. Nb3 {[%emt 0:03:44]} Be8 {[%emt 0:02:26]} 15. Bd3 {[%emt 0:01:30]} Nd7 {[%emt 0:02:50]} 16. Qe2 {[%emt 0:04:21]} Ne7 {[%emt 0:05:01]} 17. Qd2 {[%emt 0:03:17]} f6 {[%emt 0:05:45]} 18. Rxc8 {[%emt 0:02:15]} 1/2-1/2

[Event "SVK Extraliga 2017-18"]
[Site "Slovakia"]
[Date "2017.12.10"]
[Round "6"]
[White "Plachetka, Jan"]
[Black "Navara, David"]
[Result "0-1"]
[WhiteElo "2326"]
[BlackElo "2740"]
[Annotator "TA"]
[PlyCount "52"]
[EventDate "2017.??.??"]
[EventType "team-tourn"]
[EventCountry "SVK"]
[SourceTitle "playchess.com"]
[Source "ChessBase"]
[SourceQuality "1"]

{[%evp 11,52,8,16,0,0,0,0,0,1,-1,0,-13,-8,-15,-20,-28,-14,-38,-33,-115,-126,-241,-269,-264,-270,-294,-302,-329,-349,-422,-513,-805,-791,-718,-722,-744,-552,-768,-751,-1269,-1183,-2219,-1985]} 1. c4 e5 2. Nc3 Bb4 3. Nf3 Bxc3 4. dxc3 Nc6 5. e4 d6 6. c5 {A21: English Opening: 1...e5 2 Nc3} (6. Bd3 Nge7 7. h3 O-O 8. g4 Ng6 9. Bg5 Qe8 10. Be3 b6 11. Qd2 Nd8 12. O-O-O Ne6 {0-1 (45) Gabuzyan,H (2553)-Kobalia,M (2632) Moscow 2015}) 6... Nf6 {LiveBook: 3 Games} 7. Bg5 h6 8. Bxf6 $1 {The position is equal.} Qxf6 9. cxd6 cxd6 10. Nd2 $146 ({Predecessor:} 10. Bc4 Bg4 11. Qd3 Bxf3 12. gxf3 O-O {0-1 (29) Vezzosi,P (2323)-Godena,M (2503) Menton 2016}) 10... O-O 11. g3 Be6 12. Bg2 b5 {[%cal Bb7b5,Bb5b4,Bb4c3,Bc3d2][%mdl 32]} 13. O-O b4 14. Qa4 bxc3 15. Qxc6 (15. bxc3 $15 Rfc8 16. Rab1) 15... Rfc8 $36 {[%mdl 2048] Black is really pushing.} ({Don't play} 15... cxd2 $6 16. Qc3 $11) 16. Qxd6 {[#]} (16. Qa4 $17 cxd2 17. Rfd1) 16... Rd8 $1 $19 {[%cal Rd8d6]} 17. Qb4 cxd2 18. Rfd1 Rd4 19. Qa5 Rad8 20. h3 Bc4 {Black is clearly winning.} 21. Bf1 (21. b4 $142 Be2 22. b5) 21... Bxf1 22. Kxf1 Qf3 {[#] ( -> ...Qh1+)} 23. Kg1 Qxe4 24. Qxa7 Rd3 25. a4 R8d6 26. a5 Rg6 {Precision: White = 13%, Black = 100%.} 0-1

[Event "SVK Extraliga 2017-18"]
[Site "Slovakia"]
[Date "2017.12.10"]
[Round "6"]
[White "Kusiak, Matej"]
[Black "Vrbova, Niki"]
[Result "1-0"]
[WhiteElo "2308"]
[BlackElo "2188"]
[Annotator "NA"]
[PlyCount "41"]
[EventDate "2017.??.??"]
[EventType "team-tourn"]
[EventCountry "SVK"]
[SourceTitle "playchess.com"]
[Source "ChessBase"]
[SourceQuality "1"]
[TimeControl "40/5400+30:1800+30"]

1. e4 {[%emt 0:00:00]} c5 {[%emt 0:00:16]} 2. Nf3 {[%emt 0:00:00]} Nc6 {[%emt 0:00:05]} 3. Bb5 {[%emt 0:00:14]} a6 {[%emt 0:01:30]} 4. Bxc6 {[%emt 0:00:13]} dxc6 {[%emt 0:00:05]} 5. d3 {[%emt 0:00:54]} Qc7 {[%emt 0:04:40]} 6. h3 {[%emt 0:01:10]} e5 {[%emt 0:00:41]} 7. O-O {[%emt 0:00:18]} Be7 {[%emt 0:02:30]} 8. Be3 {[%emt 0:05:50]} Nf6 {[%emt 0:01:10]} 9. Nbd2 {[%emt 0:00:36]} O-O {[%emt 0:02:29]} 10. Qe2 {[%emt 0:03:50]} Re8 {[%emt 0:04:59]} 11. Nh2 {[%emt 0:05:11]} b5 {[%emt 0:05:58]} 12. f4 {[%emt 0:07:39]} exf4 {[%emt 0:00:29]} 13. Bxf4 {[%emt 0:00:21]} Bd6 {[%emt 0:01:22]} 14. Bxd6 {[%emt 0:02:06]} Qxd6 {[%emt 0:00:06]} 15. Nhf3 {[%emt 0:00:47]} Nd7 {[%emt 0:07:33]} 16. Qf2 {[%emt 0:04:40]} f6 {[%emt 0:02:19]} 17. Rae1 {[%emt 0:09:13]} Ne5 {[%emt 0:06:25]} 18. Nxe5 {[%emt 0:08:41]} Qxe5 {[%emt 0:00:22]} 19. Nf3 {[%emt 0:03:55]} Qxb2 {[%emt 0:01:27]} 20. Qxc5 {[%emt 0:01:02]} Be6 {[%emt 0:08:32]} 21. Rb1 {[%emt 0:01:55]} 1-0

[Event "SVK Extraliga 2017-18"]
[Site "Slovakia"]
[Date "2017.12.10"]
[Round "6"]
[White "Petran, Peter"]
[Black "Chovan, Milan"]
[Result "1/2-1/2"]
[WhiteElo "2307"]
[BlackElo "2305"]
[Annotator "NA"]
[PlyCount "126"]
[EventDate "2017.??.??"]
[EventType "team-tourn"]
[EventCountry "SVK"]
[SourceTitle "playchess.com"]
[Source "ChessBase"]
[SourceQuality "1"]
[TimeControl "40/5400+30:1800+30"]

1. g3 {[%emt 0:00:00]} g6 {[%emt 0:00:06]} 2. Bg2 {[%emt 0:00:00]} d5 {[%emt 0:00:06]} 3. Nf3 {[%emt 0:00:00]} Bg7 {[%emt 0:00:22]} 4. d3 {[%emt 0:00:06]} Nf6 {[%emt 0:00:14]} 5. Nbd2 {[%emt 0:00:06]} O-O {[%emt 0:00:21]} 6. e4 {[%emt 0:00:10]} dxe4 {[%emt 0:00:18]} 7. dxe4 {[%emt 0:00:06]} Nc6 {[%emt 0:00:08]} 8. O-O {[%emt 0:00:30]} Nd7 {[%emt 0:00:15]} 9. Re1 {[%emt 0:01:44]} a5 {[%emt 0:06:29]} 10. a4 {[%emt 0:00:37]} Nc5 {[%emt 0:01:43]} 11. h3 {[%emt 0:05:23]} b6 {[%emt 0:02:19]} 12. e5 {[%emt 0:06:33]} Bb7 {[%emt 0:11:18]} 13. Qe2 {[%emt 0:05:15]} Nb4 {[%emt 0:10:15]} 14. Nc4 {[%emt 0:03:28]} Qe8 {[%emt 0:04:07]} 15. b3 {[%emt 0:02:52]} Rd8 {[%emt 0:00:32]} 16. Bb2 {[%emt 0:01:25]} Bd5 {[%emt 0:10:03]} 17. Rad1 {[%emt 0:03:59]} Ne6 {[%emt 0:06:18]} 18. c3 {[%emt 0:06:10]} Na6 {[%emt 0:07:34]} 19. Rxd5 {[%emt 0:04:21]} Rxd5 {[%emt 0:00:17]} 20. Ne3 {[%emt 0:00:03]} Rd8 {[%emt 0:00:52]} 21. Qxa6 {[%emt 0:00:31]} Nc5 {[%emt 0:00:05]} 22. Qc4 {[%emt 0:00:58]} Nd3 {[%emt 0:00:16]} 23. Re2 {[%emt 0:02:01]} Nxb2 {[%emt 0:00:57]} 24. Rxb2 {[%emt 0:00:23]} Qd7 {[%emt 0:01:39]} 25. Rd2 {[%emt 0:02:29]} Qc8 {[%emt 0:00:45]} 26. Re2 {[%emt 0:09:26]} e6 {[%emt 0:07:53]} 27. Re1 {[%emt 0:04:51]} h5 {[%emt 0:02:15]} 28. g4 {[%emt 0:06:41]} hxg4 {[%emt 0:01:16]} 29. Nxg4 {[%emt 0:01:06]} Qd7 {[%emt 0:00:36]} 30. Qf4 {[%emt 0:09:07]} Qd3 {[%emt 0:00:40]} 31. Nh6+ {[%emt 0:06:37]} Bxh6 {[%emt 0:01:15]} 32. Qxh6 {[%emt 0:00:07]} f6 {[%emt 0:02:50]} 33. Nh4 {[%emt 0:01:21]} Rf7 {[%emt 0:01:03]} 34. Qxg6+ {[%emt 0:08:13]} Qxg6 {[%emt 0:00:47]} 35. Nxg6 {[%emt 0:00:02]} Rd3 {[%emt 0:00:50]} 36. Rc1 {[%emt 0:01:59]} Rd2 {[%emt 0:00:24]} 37. exf6 {[%emt 0:07:44]} Rxf6 {[%emt 0:00:15]} 38. Ne5 {[%emt 0:00:32]} Rfxf2 {[%emt 0:00:58]} 39. Bf1 {[%emt 0:00:07]} Rc2 {[%emt 0:05:31]} 40. Re1 {[%emt 0:00:25]} Rf4 {[%emt 0:38:23]} 41. Bc4 {[%emt 0:31:52]} Rxc3 {[%emt 0:00:43]} 42. Bxe6+ {[%emt 0:00:32]} Kg7 {[%emt 0:00:04]} 43. Kg2 {[%emt 0:00:00]} c6 {[%emt 0:00:00]} 44. Bd7 {[%emt 0:00:00]} Rd4 {[%emt 0:00:00]} 45. Re2 {[%emt 0:00:00]} Rd6 {[%emt 0:00:00]} 46. Bxc6 {[%emt 0:00:00]} Rdxc6 {[%emt 0:00:00]} 47. Nxc6 {[%emt 0:00:00]} Rxc6 {[%emt 0:00:00]} 48. Kf3 {[%emt 0:00:00]} Rh6 {[%emt 0:00:00]} 49. Kg4 {[%emt 0:00:00]} Rg6+ {[%emt 0:00:00]} 50. Kf4 {[%emt 0:00:00]} Rh6 {[%emt 0:00:00]} 51. Re3 {[%emt 0:00:00]} Rh4+ {[%emt 0:00:00]} 52. Ke5 {[%emt 0:00:00]} Rb4 {[%emt 0:00:00]} 53. Kd5 {[%emt 0:00:00]} b5 {[%emt 0:00:00]} 54. axb5 {[%emt 0:00:00]} Rxb5+ {[%emt 0:00:00]} 55. Kc4 {[%emt 0:00:00]} Rb4+ {[%emt 0:00:00]} 56. Kc3 {[%emt 0:00:00]} Kf6 {[%emt 0:00:00]} 57. Re8 {[%emt 0:01:06]} Rh4 {[%emt 0:00:00]} 58. Ra8 {[%emt 0:00:26]} Rxh3+ {[%emt 0:00:00]} 59. Kb2 {[%emt 0:00:25]} Ke6 {[%emt 0:00:50]} 60. Rxa5 {[%emt 0:00:07]} Kd6 {[%emt 0:00:05]} 61. Rg5 {[%emt 0:00:26]} Kc6 {[%emt 0:00:19]} 62. Ka3 {[%emt 0:00:19]} Rh4 {[%emt 0:00:39]} 63. b4 {[%emt 0:00:37]} Rh1 {[%emt 0:01:55]} 1/2-1/2

[Event "SVK Extraliga 2017-18"]
[Site "Slovakia"]
[Date "2017.12.10"]
[Round "6"]
[White "Repkova, Eva"]
[Black "Manik, Mikulas"]
[Result "1/2-1/2"]
[WhiteElo "2301"]
[BlackElo "2415"]
[Annotator "TA"]
[PlyCount "32"]
[EventDate "2017.??.??"]
[EventType "team-tourn"]
[EventCountry "SVK"]
[SourceTitle "playchess.com"]
[Source "ChessBase"]
[SourceQuality "1"]

{[%evp 20,32,-3,-7,30,-9,-8,-35,0,0,8,-7,0,0,12]} 1. e4 c5 2. Nf3 d6 3. Bc4 Nf6 4. d3 Nc6 5. O-O g6 6. c3 Bg7 7. Nbd2 {[%cal Bb1d2,Bd2c4,Bc4e3][%mdl 32] B50: Sicilian: 2...d6, Miscellaneous} O-O 8. Bb3 e5 9. Nc4 h6 10. Ne3 $146 ({Predecessor:} 10. Re1 Be6 11. h3 b5 12. Ne3 Rb8 13. a4 b4 14. Bxe6 fxe6 15. Ng4 Nxg4 16. hxg4 {½-½ (52) Delgado Ramirez,N (2618)-Bologan,V (2648) Baku 2016}) 10... Na5 11. Bc2 {LiveBook: 3 Games} Re8 12. Nd5 Be6 13. Ba4 Rf8 14. Nxf6+ {The position is equal.} Qxf6 15. Be3 Qe7 16. b4 cxb4 1/2-1/2

[Event "SVK Extraliga 2017-18"]
[Site "Slovakia"]
[Date "2017.12.10"]
[Round "6"]
[White "Kantorik, Marian"]
[Black "Jablonicky, Martin"]
[Result "0-1"]
[WhiteElo "2298"]
[BlackElo "2313"]
[Annotator "NA"]
[PlyCount "70"]
[EventDate "2017.??.??"]
[EventType "team-tourn"]
[EventCountry "SVK"]
[SourceTitle "playchess.com"]
[Source "ChessBase"]
[SourceQuality "1"]
[TimeControl "40/5400+30:1800+30"]

1. d4 {[%emt 0:00:00]} Nf6 {[%emt 0:00:08]} 2. c4 {[%emt 0:00:05]} g6 {[%emt 0:00:03]} 3. g3 {[%emt 0:00:05]} Bg7 {[%emt 0:00:17]} 4. Bg2 {[%emt 0:00:08]} O-O {[%emt 0:00:13]} 5. Nc3 {[%emt 0:00:29]} d6 {[%emt 0:00:29]} 6. Nf3 {[%emt 0:00:09]} Nc6 {[%emt 0:00:26]} 7. d5 {[%emt 0:01:33]} Na5 {[%emt 0:00:52]} 8. Nd2 {[%emt 0:01:50]} c5 {[%emt 0:00:13]} 9. O-O {[%emt 0:02:01]} a6 {[%emt 0:02:28]} 10. Qc2 {[%emt 0:02:37]} Rb8 {[%emt 0:04:26]} 11. a4 {[%emt 0:03:21]} e6 {[%emt 0:01:05]} 12. b3 {[%emt 0:08:09]} exd5 {[%emt 0:17:20]} 13. cxd5 {[%emt 0:00:14]} b5 {[%emt 0:01:18]} 14. axb5 {[%emt 0:01:42]} axb5 {[%emt 0:00:11]} 15. Bb2 {[%emt 0:07:44]} Re8 {[%emt 0:00:15]} 16. e4 {[%emt 0:00:56]} Ba6 {[%emt 0:11:19]} 17. Rfe1 {[%emt 0:05:22]} b4 {[%emt 0:18:24]} 18. Nd1 {[%emt 0:02:29]} h5 {[%emt 0:13:15]} 19. Ne3 {[%emt 0:05:27]} Bb5 {[%emt 0:00:42]} 20. h3 {[%emt 0:03:47]} Nd7 {[%emt 0:03:45]} 21. Bxg7 {[%emt 0:01:40]} Kxg7 {[%emt 0:00:01]} 22. f4 {[%emt 0:01:18]} Nb7 {[%emt 0:02:08]} 23. Nf3 {[%emt 0:04:37]} Qf6 {[%emt 0:03:17]} 24. Rac1 {[%emt 0:09:53]} Ra8 {[%emt 0:01:02]} 25. Ng5 {[%emt 0:04:19]} Ra3 {[%emt 0:03:11]} 26. h4 {[%emt 0:12:09]} Na5 {[%emt 0:01:39]} 27. Rb1 {[%emt 0:01:03]} Nxb3 {[%emt 0:08:05]} 28. e5 {[%emt 0:03:18]} dxe5 {[%emt 0:00:23]} 29. fxe5 {[%emt 0:00:36]} Nxe5 {[%emt 0:01:02]} 30. Ne4 {[%emt 0:02:33]} Nf3+ {[%emt 0:01:21]} 31. Kh1 {[%emt 0:01:28]} Rxe4 {[%emt 0:00:30]} 32. Qxe4 {[%emt 0:00:23]} Nbd2 {[%emt 0:01:09]} 33. Qc2 {[%emt 0:01:35]} Bd3 {[%emt 0:00:24]} 34. Qxc5 {[%emt 0:01:10]} Bxb1 {[%emt 0:00:49]} 35. Qxb4 {[%emt 0:00:44]} Rb3 {[%emt 0:00:13]} 0-1

[Event "SVK Extraliga 2017-18"]
[Site "Slovakia"]
[Date "2017.12.10"]
[Round "6"]
[White "Holtman, Teodor"]
[Black "Najgebauer, Szemjon"]
[Result "1/2-1/2"]
[WhiteElo "2296"]
[BlackElo "2180"]
[Annotator "NA"]
[PlyCount "64"]
[EventDate "2017.??.??"]
[EventType "team-tourn"]
[EventCountry "SVK"]
[SourceTitle "playchess.com"]
[Source "ChessBase"]
[SourceQuality "1"]
[TimeControl "40/5400+30:1800+30"]

1. e4 {[%emt 0:00:00]} c5 {[%emt 0:00:22]} 2. Nf3 {[%emt 0:00:00]} Nc6 {[%emt 0:00:06]} 3. Nc3 {[%emt 0:00:30]} Nd4 {[%emt 0:02:12]} 4. Bc4 {[%emt 0:00:28]} d6 {[%emt 0:02:56]} 5. O-O {[%emt 0:01:09]} a6 {[%emt 0:02:52]} 6. Nxd4 {[%emt 0:10:51]} cxd4 {[%emt 0:02:51]} 7. Ne2 {[%emt 0:00:14]} e5 {[%emt 0:00:46]} 8. c3 {[%emt 0:01:13]} dxc3 {[%emt 0:02:06]} 9. bxc3 {[%emt 0:05:23]} Nf6 {[%emt 0:01:57]} 10. d4 {[%emt 0:04:08]} Be7 {[%emt 0:10:20]} 11. f4 {[%emt 0:06:59]} O-O {[%emt 0:09:34]} 12. Bd3 {[%emt 0:07:22]} Qc7 {[%emt 0:02:58]} 13. Kh1 {[%emt 0:13:42]} b5 {[%emt 0:14:41]} 14. Be3 {[%emt 0:11:21]} Be6 {[%emt 0:06:12]} 15. fxe5 {[%emt 0:02:14]} dxe5 {[%emt 0:00:40]} 16. dxe5 {[%emt 0:02:45]} Ng4 {[%emt 0:05:30]} 17. Bf4 {[%emt 0:00:02]} Nxe5 {[%emt 0:07:35]} 18. Nd4 {[%emt 0:00:02]} Bc4 {[%emt 0:08:16]} 19. Bxc4 {[%emt 0:00:35]} bxc4 {[%emt 0:00:08]} 20. Qh5 {[%emt 0:06:14]} Bf6 {[%emt 0:00:57]} 21. Nf3 {[%emt 0:09:47]} Rae8 {[%emt 0:01:25]} 22. Rad1 {[%emt 0:02:00]} Qe7 {[%emt 0:01:52]} 23. Bxe5 {[%emt 0:13:01]} Bxe5 {[%emt 0:01:02]} 24. Nxe5 {[%emt 0:00:40]} Qxe5 {[%emt 0:00:08]} 25. Qxe5 {[%emt 0:00:14]} Rxe5 {[%emt 0:00:08]} 26. Rd4 {[%emt 0:00:05]} Rfe8 {[%emt 0:06:16]} 27. Rxc4 {[%emt 0:00:43]} Rxe4 {[%emt 0:00:19]} 28. Rxe4 {[%emt 0:01:31]} Rxe4 {[%emt 0:00:02]} 29. Kg1 {[%emt 0:00:18]} Re2 {[%emt 0:01:45]} 30. Rf2 {[%emt 0:00:27]} Re1+ {[%emt 0:03:07]} 31. Rf1 {[%emt 0:00:01]} Re2 {[%emt 0:04:03]} 32. Rf2 {[%emt 0:00:04]} Re1+ 1/2-1/2

[Event "SVK Extraliga 2017-18"]
[Site "Slovakia"]
[Date "2017.12.10"]
[Round "6"]
[White "Vojtek, Vladimir"]
[Black "Schwarz, Dusan"]
[Result "0-1"]
[WhiteElo "2284"]
[BlackElo "2284"]
[Annotator "NA"]
[PlyCount "82"]
[EventDate "2017.??.??"]
[EventType "team-tourn"]
[EventCountry "SVK"]
[SourceTitle "playchess.com"]
[Source "ChessBase"]
[SourceQuality "1"]
[TimeControl "40/5400+30:1800+30"]

1. e4 {[%emt 0:00:00]} e5 {[%emt 0:00:09]} 2. Nf3 {[%emt 0:00:00]} Nc6 {[%emt 0:00:05]} 3. Bb5 {[%emt 0:00:00]} a6 {[%emt 0:00:06]} 4. Ba4 {[%emt 0:00:00]} Nf6 {[%emt 0:00:08]} 5. d3 {[%emt 0:00:00]} b5 {[%emt 0:00:36]} 6. Bb3 {[%emt 0:00:00]} Be7 {[%emt 0:00:23]} 7. a4 {[%emt 0:01:00]} b4 {[%emt 0:01:23]} 8. O-O {[%emt 0:00:20]} d6 {[%emt 0:04:35]} 9. Nbd2 {[%emt 0:00:25]} Be6 {[%emt 0:04:27]} 10. Nc4 {[%emt 0:03:32]} O-O {[%emt 0:12:16]} 11. Bd2 {[%emt 0:17:47]} Rb8 {[%emt 0:01:46]} 12. a5 {[%emt 0:01:04]} Bg4 {[%emt 0:04:11]} 13. Ne3 {[%emt 0:02:19]} Bxf3 {[%emt 0:01:46]} 14. gxf3 {[%emt 0:01:22]} Nd4 {[%emt 0:02:39]} 15. Bc4 {[%emt 0:02:15]} c5 {[%emt 0:07:03]} 16. Kh1 {[%emt 0:04:33]} Nh5 {[%emt 0:03:34]} 17. Rg1 {[%emt 0:05:46]} Bh4 {[%emt 0:04:10]} 18. c3 {[%emt 0:01:12]} bxc3 {[%emt 0:02:13]} 19. bxc3 {[%emt 0:00:05]} Ne6 {[%emt 0:00:17]} 20. Nf5 {[%emt 0:05:02]} Kh8 {[%emt 0:11:27]} 21. Rb1 {[%emt 0:19:04]} Rxb1 {[%emt 0:02:43]} 22. Qxb1 {[%emt 0:00:01]} g6 {[%emt 0:00:42]} 23. Ng3 {[%emt 0:13:38]} Nhf4 {[%emt 0:03:18]} 24. Qb6 {[%emt 0:02:23]} Qf6 {[%emt 0:02:56]} 25. Bxe6 {[%emt 0:00:55]} Nxe6 {[%emt 0:12:04]} 26. Kg2 {[%emt 0:00:45]} Bg5 {[%emt 0:00:20]} 27. Be3 {[%emt 0:01:19]} Bf4 {[%emt 0:04:34]} 28. Ne2 {[%emt 0:04:45]} Qg5+ {[%emt 0:07:27]} 29. Kf1 {[%emt 0:00:50]} Qh5 {[%emt 0:00:19]} 30. Bxf4 {[%emt 0:04:13]} exf4 {[%emt 0:00:06]} 31. d4 {[%emt 0:06:30]} Qh3+ {[%emt 0:02:30]} 32. Rg2 {[%emt 0:00:58]} Qxf3 {[%emt 0:00:30]} 33. d5 {[%emt 0:02:14]} Qxe4 {[%emt 0:00:49]} 34. Rg4 {[%emt 0:01:27]} Qxd5 {[%emt 0:00:32]} 35. Qb1 {[%emt 0:00:43]} h5 {[%emt 0:02:39]} 36. Rh4 {[%emt 0:00:27]} Re8 {[%emt 0:01:26]} 37. Rh3 {[%emt 0:00:40]} f3 {[%emt 0:00:47]} 38. Ng3 {[%emt 0:00:26]} Nf4 {[%emt 0:00:30]} 39. Rh4 {[%emt 0:00:12]} Qc4+ {[%emt 0:01:02]} 40. Kg1 {[%emt 0:00:27]} Ne2+ {[%emt 0:30:18]} 41. Nxe2 {[%emt 0:30:19]} Qxh4 {[%emt 0:00:12]} 0-1

[Event "SVK Extraliga 2017-18"]
[Site "Slovakia"]
[Date "2017.12.10"]
[Round "6"]
[White "Cibickova, Zuzana"]
[Black "Briestensky, Rastislav"]
[Result "1/2-1/2"]
[WhiteElo "2282"]
[BlackElo "2322"]
[Annotator "NA"]
[PlyCount "169"]
[EventDate "2017.??.??"]
[EventType "team-tourn"]
[EventCountry "SVK"]
[SourceTitle "playchess.com"]
[Source "ChessBase"]
[SourceQuality "1"]
[TimeControl "40/5400+30:1800+30"]

1. e4 {[%emt 0:00:00]} e5 {[%emt 0:00:04]} 2. Nf3 {[%emt 0:00:00]} Nc6 {[%emt 0:00:06]} 3. Bc4 {[%emt 0:00:00]} Be7 {[%emt 0:00:52]} 4. d4 {[%emt 0:06:18]} d6 {[%emt 0:03:13]} 5. O-O {[%emt 0:20:41]} Nf6 {[%emt 0:01:54]} 6. d5 {[%emt 0:03:08]} Nb8 {[%emt 0:00:14]} 7. Bd3 {[%emt 0:00:16]} O-O {[%emt 0:01:03]} 8. h3 {[%emt 0:01:13]} Nbd7 {[%emt 0:01:01]} 9. Be3 {[%emt 0:01:15]} g6 {[%emt 0:08:12]} 10. c4 {[%emt 0:05:39]} Nh5 {[%emt 0:02:44]} 11. Bh6 {[%emt 0:01:54]} Ng7 {[%emt 0:01:18]} 12. Nc3 {[%emt 0:17:01]} f5 {[%emt 0:05:15]} 13. exf5 {[%emt 0:00:23]} gxf5 {[%emt 0:00:05]} 14. Qd2 {[%emt 0:07:34]} Rf6 {[%emt 0:04:12]} 15. Bc2 {[%emt 0:04:47]} Nf8 {[%emt 0:17:25]} 16. Rae1 {[%emt 0:04:51]} Rg6 {[%emt 0:14:04]} 17. Bxg7 {[%emt 0:09:17]} Rxg7 {[%emt 0:00:40]} 18. Kh1 {[%emt 0:00:57]} a6 {[%emt 0:05:15]} 19. Ne2 {[%emt 0:01:19]} Qe8 {[%emt 0:07:29]} 20. Rg1 {[%emt 0:01:22]} Qf7 {[%emt 0:02:45]} 21. Nh2 {[%emt 0:02:06]} f4 {[%emt 0:03:02]} 22. Be4 {[%emt 0:05:05]} Ng6 {[%emt 0:02:36]} 23. Qd3 {[%emt 0:01:04]} Bd7 {[%emt 0:00:36]} 24. g3 {[%emt 0:01:25]} Rf8 {[%emt 0:02:22]} 25. Ng4 {[%emt 0:02:18]} Kh8 {[%emt 0:01:31]} 26. Nh6 {[%emt 0:01:40]} Qf6 {[%emt 0:00:50]} 27. g4 {[%emt 0:00:18]} Nh4 {[%emt 0:04:39]} 28. Nf5 {[%emt 0:00:01]} Nxf5 {[%emt 0:01:23]} 29. gxf5 {[%emt 0:00:12]} Bxf5 {[%emt 0:00:45]} 30. Bxf5 {[%emt 0:00:19]} Qxf5 {[%emt 0:00:06]} 31. Qxf5 {[%emt 0:00:05]} Rxf5 {[%emt 0:00:35]} 32. Rxg7 {[%emt 0:00:59]} Kxg7 {[%emt 0:00:39]} 33. f3 {[%emt 0:00:03]} Bh4 {[%emt 0:01:23]} 34. Rg1+ {[%emt 0:00:49]} Kf7 {[%emt 0:00:23]} 35. Nc3 {[%emt 0:00:12]} Bf2 {[%emt 0:01:55]} 36. Rg2 {[%emt 0:00:07]} Bg3 {[%emt 0:01:18]} 37. Ne4 {[%emt 0:00:12]} Rh5 {[%emt 0:00:34]} 38. Kg1 {[%emt 0:00:54]} Bh4 {[%emt 0:01:19]} 39. Rc2 {[%emt 0:01:52]} Be7 {[%emt 0:00:43]} 40. Kh2 {[%emt 0:00:50]} Rh6 {[%emt 0:32:15]} 41. b4 {[%emt 0:08:37]} c6 {[%emt 0:00:00]} 42. a4 {[%emt 0:02:20]} Ke8 {[%emt 0:00:00]} 43. b5 {[%emt 0:10:12]} axb5 {[%emt 0:00:00]} 44. axb5 {[%emt 0:02:07]} cxd5 {[%emt 0:00:00]} 45. cxd5 {[%emt 0:00:02]} Kd7 {[%emt 0:00:00]} 46. Rg2 {[%emt 0:01:12]} Rg6 {[%emt 0:00:00]} 47. Rxg6 {[%emt 0:01:34]} hxg6 {[%emt 0:00:00]} 48. Nd2 {[%emt 0:00:07]} Bh4 {[%emt 0:00:00]} 49. Nc4 {[%emt 0:00:20]} Bf2 {[%emt 0:00:00]} 50. Kg2 {[%emt 0:00:17]} Bc5 {[%emt 0:00:00]} 51. h4 {[%emt 0:00:56]} Ke7 {[%emt 0:00:00]} 52. Kh3 {[%emt 0:00:02]} Bb4 {[%emt 0:00:00]} 53. Kg4 {[%emt 0:00:23]} Kf6 {[%emt 0:00:00]} 54. Nb2 {[%emt 0:00:16]} Bc5 {[%emt 0:00:00]} 55. Nc4 {[%emt 0:00:24]} Kf7 {[%emt 0:00:00]} 56. Na5 {[%emt 0:00:19]} Bb4 {[%emt 0:01:12]} 57. Nc4 {[%emt 0:00:23]} Kf6 {[%emt 0:00:40]} 58. Nb2 {[%emt 0:00:02]} Bc5 {[%emt 0:05:08]} 59. Nc4 {[%emt 0:00:05]} Kf7 {[%emt 0:00:38]} 60. Na5 {[%emt 0:00:07]} b6 {[%emt 0:00:21]} 61. Nb3 {[%emt 0:01:07]} Bb4 {[%emt 0:00:28]} 62. Nc1 {[%emt 0:00:13]} Bc5 {[%emt 0:00:49]} 63. Ne2 {[%emt 0:00:15]} Bb4 {[%emt 0:01:24]} 64. Ng1 {[%emt 0:00:17]} Kf6 {[%emt 0:00:30]} 65. Nh3 {[%emt 0:00:11]} Bc5 {[%emt 0:01:52]} 66. Ng5 {[%emt 0:00:23]} Bb4 {[%emt 0:00:33]} 67. Ne4+ {[%emt 0:00:13]} Kg7 {[%emt 0:00:13]} 68. Kg5 {[%emt 0:00:16]} Ba3 {[%emt 0:00:11]} 69. Nf6 {[%emt 0:06:52]} Bc5 {[%emt 0:01:12]} 70. Ne4 {[%emt 0:02:20]} Bb4 {[%emt 0:00:10]} 71. h5 {[%emt 0:00:26]} gxh5 {[%emt 0:00:07]} 72. Kxh5 {[%emt 0:00:05]} Kf7 {[%emt 0:00:31]} 73. Kg5 {[%emt 0:00:06]} Ba3 {[%emt 0:00:32]} 74. Kf5 {[%emt 0:00:11]} Bb4 {[%emt 0:00:07]} 75. Ng5+ {[%emt 0:01:36]} Ke7 {[%emt 0:00:04]} 76. Kg6 {[%emt 0:00:06]} Bc5 {[%emt 0:00:23]} 77. Ne4 {[%emt 0:01:20]} Ba3 {[%emt 0:00:31]} 78. Kg7 {[%emt 0:00:06]} Bc5 {[%emt 0:00:10]} 79. Kg6 {[%emt 0:00:26]} Ba3 {[%emt 0:00:09]} 80. Nf6 {[%emt 0:00:46]} Bc5 {[%emt 0:00:12]} 81. Ng8+ {[%emt 0:00:31]} Kf8 {[%emt 0:00:13]} 82. Nf6 {[%emt 0:00:05]} Ke7 {[%emt 0:00:11]} 83. Kf5 {[%emt 0:00:21]} Ba3 {[%emt 0:00:21]} 84. Ne4 {[%emt 0:01:51]} Bb4 {[%emt 0:00:07]} 85. Kg6 {[%emt 0:00:06]} 1/2-1/2